000 00517cam a2200205 4500
008 090401t1988 xxu||||| |||| 00| 0 eng d
020 _a0117521531
035 _a(Sirsi) u34198
041 _aeng
050 _a306.1
110 _aUnited Kingdom
_bDepartment of the Environment
_9982
245 _aEnglish house condition survey : 1986
260 _aLondon
_bHMSO
_c1988
300 _a223p. ; 30cm.
350 _a20
650 _aHOUSE CONDITION
650 _aSTATISTICS
942 _n0
948 _c04/03/1997
999 _c89918
_d89918